书目信息 |
| 题名: |
大功率硅可控整流元件及其应用
|
|
| 作者: | ;科学出版社 编 | |
| 分册: | 上册 | |
| 出版信息: | 北京 科学出版社 1971 |
|
| 页数: | 156页 | |
| 开本: | 20cm | |
| 丛书名: | ||
| 单 册: | ||
| 中图分类: | TN342 | |
| 科图分类: | ||
| 主题词: | 晶闸管 , 可控硅 | |
| 电子资源: | ||
| ISBN: | ||
| 000 | 00652nam0 2200217 450 | |
| 001 | 0633878258 | |
| 005 | 20060331092727.28 | |
| 010 | @dCNY0.38 | |
| 100 | @a20060331d1971 km y0chiy0120 ea | |
| 101 | 0 | @achi |
| 102 | @aCN@b110000 | |
| 200 | 1 | @a大功率硅可控整流元件及其应用@Ada gong lu gui ke kong zheng liu yuan jian ji qi ying yong@e译文集@h上册@f科学出版社编@Fke xue chu ban she bian |
| 210 | @a北京@c科学出版社@d1971 | |
| 215 | 1 | @a156页@d20cm |
| 517 | 1 | @a译文集@Ayi wen ji |
| 606 | 0 | @a晶闸管 |
| 606 | 0 | @a可控硅 |
| 690 | @aTN342@v4 | |
| 711 | 0 | @a科学出版社@Ake xue chu ban she@4编 |
| 801 | 0 | @aCN@bPFT@c20060331 |
| 905 | @a10447@dTN342@e5:1 | |
| 大功率硅可控整流元件及其应用:译文集.上册/科学出版社编.-北京:科学出版社,1971 |
| 156页;20cm |
| ISBN :CNY0.38 |
| ● |
| 相关链接 |
|
|
|
|
正题名:大功率硅可控整流元件及其应用
索取号:TN342/5:1
 
预约/预借
| 序号 | 登录号 | 条形码 | 馆藏地/架位号 | 状态 | 备注 |
| 1 | 0017884 | 202212747 | 密集书库/ [索取号:TN342/5:1] | 在馆 |